International routes from Vancouver International Airport (YVR) - Statistics

General Stats
  • This quiz has been taken 6 times
  • The average score is 109 of 135
Answer Stats
Airline International Route Country % Correct
Air Canada | Air China Beijing-Capital China
100%
JetBlue Boston United States of America
100%
Air Canada Rouge | Flair Airlines | WestJet Cancun Mexico
100%
American Airlines Dallas/Fort Worth United States of America
100%
Air Canada | United Airlines Denver United States of America
100%
WestJet Detroit United States of America
100%
Air Canada | Condor | Luthansa Frankfurt Germany
100%
Air Canada | Cathay Pacific | Hong Kong Airlines Hong Kong China
100%
Air Canada | United Airlines Houston-Intercontinental United States of America
100%
British Airways London-Gatwick United Kingdom
100%
Air Canada | British Airways London-Heathrow United Kingdom
100%
Air Canada | Air Canada Rouge | American Airlines | +4 others Los Angeles United States of America
100%
Air Canada | Phillippine Airlines Manila Phillippines
100%
Aeromexico | Air Canada | Air Canada Rouge | Flair Airlines Mexico City Mexico
100%
Air Canada | Air Canada Rouge Miami United States of America
100%
Delta Airlines | Sun Country Airlines Minneapolis/Saint Paul United States of America
100%
Air Canada | United Airlines Newark United States of America
100%
JetBlue New York-JFK United States of America
100%
WestJet Orlando United States of America
100%
Air Canada Osaka-Kansai Japan
100%
Air Canada Express | Alaska Airlines Portland United States of America
100%
Air Canada Express San Diego United States of America
100%
Air Canada | Air Canada Express | Flair Airlines | United Express San Francisco United States of America
100%
Air Canada | Air Canada Rouge | WestJet San Jose del Cabo Mexico
100%
Air Canada Express | Alaska Airlines Seattle/Tacoma United States of America
100%
Air Canada | China Eastern Airlines Shanghai-Pudong China
100%
Air Canada | Qantas Sydney Australia
100%
ANA Tokyo-Haneda Japan
100%
ANA | Air Canada | Japan Airlines | Zipair Tokyo Tokyo-Narita Japan
100%
Delta Airlines | Delta Connection | WestJet Atlanta United States of America
80%
Air Canada | Air New Zealand Auckland New Zealand
80%
Air Canada Austin United States of America
80%
Air Canada Bangkok-Suvarnabhumi Thailand
80%
Air Canada Brisbane Australia
80%
American Airlines Charlotte United States of America
80%
Air Canada | American Airlines | United Airlines Chicago-O'Hare United States of America
80%
Air India Delhi India
80%
Air Canada Dublin Ireland
80%
Flair Airlines Guadalajara Mexico
80%
Air Canada | Flair Airlines | WestJet Las Vegas United States of America
80%
Air Canada | WestJet Liberia Costa Rica
80%
Luthansa Munich Germany
80%
Air Canada Nashville United States of America
80%
Air France Paris-Charles de Gaulle France
80%
Air Canada | Air Canada Express | Porter Airlines | WestJet Phoenix-Sky Harbor United States of America
80%
Air Canada Raleigh/Durham United States of America
80%
Air Canada Express Sacramento United States of America
80%
Delta Connection Salt Lake City United States of America
80%
Air Canada Santa Ana United States of America
80%
Air Canada | Korean Air | T'way Air Seoul-Incheon South Korea
80%
Air Canada Singapore Singapore
80%
China Airlines | EVA Air Taipei-Taoyuan Taiwan
80%
United Airlines Washington-Dulles United States of America
80%
KLM Amsterdam Netherlands
60%
Air Canada Anchorage United States of America
60%
Air Canada Honolulu United States of America
60%
Turkish Airlines Istanbul Turkiye
60%
WestJet Lihue United States of America
60%
Air Canada Monterrey Mexico
60%
Fiji Airways Nadi Fiji
60%
Air Canada | Air Canada Rouge | Flair Airlines | WestJet Puerto Vallarta Mexico
60%
Icelandair Reykjavik-Keflavik Iceland
60%
Hainan Airlines Shenzhen China
60%
XiamenAir Xiamen China
60%
Edelweiss Air Zurich Switzerland
60%
Sichuan Airlines Chengdu-Tianfu China
40%
WestJet Fort Lauderdale United States of America
40%
China Southern Airlines Guangzhou China
40%
Air Canada Kahului United States of America
40%
WestJet Kailua United States of America
40%
Flair Airlines Leon Mexico
40%
Air Canada | WestJet Mazatlan Mexico
40%
Air Canada | WestJet Palm Springs United States of America
40%
Air Canada Sapporo-Chitose Japan
40%
Air Canada | Air Canada Rouge | WestJet Huatulco Mexico
20%
Air Canada | WestJet Ixtapa Mexico
20%
Air Canada Puerto Escondido Mexico
20%
Air Canada Kaliua United States of America
0%
No matching quizzes found
Score Distribution
Percent of People with Each Score
Percentile by Number Answered
Your Score History
You have not taken this quiz